| 000 | 00520nam a22001817a 4500 | ||
|---|---|---|---|
| 003 | OSt | ||
| 005 | 20140310182156.0 | ||
| 008 | 130831t xxu||||| |||| 00| 0 eng d | ||
| 050 |
_aBV 4811 _b.V674 [ca.1960] |
||
| 082 |
_aHS 242 _bV69 19 |
||
| 100 |
_aVigeveno, H.S. _915969 |
||
| 245 |
_aA life, a cross, an empty tomb / _cH.S. Vigeveno. |
||
| 260 |
_aGlendale, Calif. : _bG/L Regal Books, _c[ca.1960]. |
||
| 650 |
_aBible reading. _915970 |
||
| 650 |
_aScriptures daily. _915971 |
||
| 942 |
_2lcc _cHS |
||
| 999 |
_c10097 _d10097 |
||